| 000 | 00652nam 22001933 4500 | ||
|---|---|---|---|
| 001 | 200942 | ||
| 010 | _a978-972-31-1181-1 | ||
| 021 | _b238840/06 | ||
| 090 | _a200942 | ||
| 100 | _a20260303d u||y0pory50 ba | ||
| 200 |
_aPersonalizar a habitação em série _euma gramática discursiva para as casa da Malagueira do Siza _fJosé Pinto Duarte |
||
| 210 |
_aLisboa _cFundação Calouste Gulbenkian _d2007 |
||
| 215 |
_a527 p. _cbrochado _d23 cm |
||
| 225 | _atextos universitários de ciências sociais e humanas | ||
| 606 |
_94600 _aArquitetura |
||
| 700 |
_916617 _aDuarte _bJosé Pinto |
||
| 801 |
_aPT _bBMMN _gRPC |
||
| 830 |
_cFernando _fFernando |
||
| 990 | _cLIVROS | ||